[Event "AUTO-OPEN-4631"]
[Site "http://www.queenalice.com/game.php?id=1867198"]
[Date "2025.12.18"]
[Round "1"]
[White "Esvir"]
[Black "game"]
[Result "1-0"]
[WhiteElo "2014"]
[BlackElo "1695"]

1. e4 e5 2. Nf3 d6 3. h3 Nc6 4. Bc4 Be6 5. Bxe6 fxe6 6. d3 Nd4 7. Nxd4 exd4 8.
c3 e5 9. cxd4 exd4 10. Qh5+ g6 11. Qb5+ c6 12. Qxb7 c5 13. Bg5 Be7 14. Qc6+ Kf8
15. Bxe7+ Nxe7 16. Qa4 Qb8 17. b3 Kg7 18. O-O h5 19. Nd2 Qf8 20. Qd7 Kh6 21.
Qxd6 Nc8 22. Qxf8+ Rxf8 23. Rac1 a5 24. Rxc5 Nd6 25. Rd5 Rfd8 26. Rxd4 Nb5 27.
Rxd8 Rxd8 28. Nc4 Rxd3 29. Nxa5 Nd4 30. e5 Ne2+ 31. Kh2 Rd5 32. Nc4 Nf4 33. a4
h4 34. g3 Ne6 35. f4 Rd3 36. gxh4 Rxb3 37. f5 gxf5 38. Rxf5 Nd4 39. Rf6+ Kh5 40.
Rf4 Ne2 41. Rf2 Nd4 42. Nd2 Re3 43. Rg2 Rxe5 44. Rg5+ Rxg5 45. hxg5 Kxg5 46. a5
Kf6 47. a6 Nc6 48. Nc4 Ke7 49. Na5 Na7 50. h4 Kd7 51. Kg3 Kc7 52. h5 Kb6 53. h6
Kxa5 54. h7 Kxa6 55. h8=Q Kb5 56. Kf4 Nc6 57. Ke4 Kc5 58. Qh5+ Kd6 59. Qg6+ Kc5
60. Qf5+ Kd6 61. Qf8+ Kc7 62. Kd5 Kb6 63. Qc5+ Kc7 64. Qxc6+ Kd8 65. Qb7 Ke8 66.
Ke6 1-0

[Event "AUTO-OPEN-4631"]
[Site "http://www.queenalice.com/game.php?id=1867199"]
[Date "2025.12.18"]
[Round "1"]
[White "game"]
[Black "Esvir"]
[Result "1-0"]
[WhiteElo "1699"]
[BlackElo "2031"]

1. e4 e5 2. Nf3 d6 3. Bc4 h6 4. d4 exd4 5. Nxd4 Nf6 6. Qf3 Bg4 7. Qf4 g5 8. Qe3
Nbd7 9. O-O Qe7 10. Nc3 O-O-O 11. Ncb5 a6 12. Na7+ Kb8 13. Nf3 Nxe4 14. Qd4 f6
15. Bd5 c5 16. Qe3 f5 17. Qb3 Ne5 18. Nc6+ 1-0